[Event "EU-Cup Online Gr-G"]
[Site "Tornelo INT"]
[Date "2021.03.27"]
[Round "2.4"]
[White "Zawadzka, Jolanta"]
[Black "Hmamouche, Youssef"]
[Result "1-0"]
[WhiteElo "2399"]
[BlackElo "1926"]
[PlyCount "107"]
[EventDate "2021.03.27"]
[EventType "team-tourn (rapid)"]
[EventRounds "9"]
[EventCountry "NET"]
[SourceTitle "CBM 201 Extra"]
[Source "ChessBase"]
[SourceDate "2021.05.31"]
[SourceVersion "1"]
[SourceVersionDate "2021.05.31"]
[SourceQuality "1"]
[WhiteTeam "Wroclaw Polonia"]
[BlackTeam "Aix en Provence"]
[WhiteTeamCountry "POL"]
[BlackTeamCountry "FRA"]

1. e4 c5 2. Nf3 d6 3. d4 cxd4 4. Nxd4 a6 5. f3 Nf6 6. c4 e6 7. Nc3 Be7 8. Be2 Nc6 9. Be3 0-0 10. 0-0 Qc7 11. Rc1 Bd7 12. Nd5 Qd8 13. Nxe7+ Qxe7 14. Qd2 h6 15. Rfd1 Rfd8 16. Nb3 Ne8 17. Bb6 Rdc8 18. Bf1 Ne5 19. f4 Ng6 20. c5 d5 21. exd5 exd5 22. Bd3 Nf6 23. Re1 Ne4 24. Qe3 Qf6 25. Rf1 Re8 26. Qd4 Qh4 27. Rce1 Bf5 28. Qxd5 Nxf4 29. Qxf5 Nxd3 30. Re3 Nef2 31. Rxd3 Nxd3 32. Qxd3 Re1 33. Ba5 Rxf1+ 34. Qxf1 Qa4 35. Bc3 Qxa2 36. Nd4 Qd5 37. Qf5 Qxf5 38. Nxf5 f6 39. Kf2 Kf7 40. Nd6+ Ke6 41. Nxb7 Kd5 42. b4 Kc6 43. Na5+ Kb5 44. Ke3 Rd8 45. c6 Kb6 46. Bd4+ Kc7 47. Kd3 Rd5 48. Kc4 Rg5 49. g3 h5 50. Be3 Rg4+ 51. Bf4+ Kc8 52. Kc5 h4 53. Nc4 g5 54. Nb6+ 1-0